Biblioteka Instytutu Północnego w Olsztynie

Histoire des Légions polonaises en Italie, sous le commandement du général Dombrowski. (Rekord nr 27699)

Szczegóły MARC
000 -Nagłówek
fixed length control field 01957cam a2200493 i 4500
001 - Nr kontrolny bibl., która utworzyła rek.
control field xx001288018
003 - Siglum bibl., której nr kontr. jest w 001
control field NUKAT
005 - Data i czas ostatniej operacji
control field 20260420062227.0
008 - Elementy pola stałej długości
fixed length control field 090213s1829 fr a |001 0 fre c
035 ## - Systemowy numer kontrolny
systemowy numer kontrolny (OCoLC)749999574
035 ## - Systemowy numer kontrolny
systemowy numer kontrolny (NUKAT)xx001288018
040 ## - Instytucja sporządzająca opis
Instytucja, która sporządziła opis POZN U/MC
Instytucja, która sporządziła rekord POZN U/MC
Instytucja, która zmodyfikowała rekord POZN U/MW
-- POZN U/KNs
-- LUBL M/mm
045 2# - Okres czasu dla zawartości
czas między r. 9999 pne a nasz. czas. d1797
-- d1801
046 ## - Kod rodz. daty, data1, data2 (daty pne)
Begin/single date 1829
099 ## - Dowolny opis lokalny sygnatury
symbol klasyfikacji tn_644348
100 1# - Hasło główne-nazwa osobowa
Nazwa osobowa Chodźko, Leonard
Daty biograficzne (1800-1871).
9 (RLIN) 40313
245 10 - Tytuł właściwy i oznaczenie odpow.
tytuł Histoire des Légions polonaises en Italie, sous le commandement du général Dombrowski.
numer części/sekcji pracy T. 1 /
dod. inf. ze s. tyt./ozn. odpow. par Léonard Chodźko.
260 ## - Adres wydawniczy
miejsce wydania, dystrybucji itp. Paris :
nazwa wydawcy, dystrybutora itp. J. Barbezat,
data wydania, dystrybucji itp. 1829
miejsce druku (Paris :
nazwa drukarni Typographie de J. Pinard).
300 ## - Opis fizyczny
objętość i/lub forma materiału [8], LXVI, 399 s., [3] k. tabl. :
inne szczegóły opisu fizycznego err. ;
format 20 cm.
336 ## - Content Type
Term Tekst
Code txt
Source rdacontent
337 ## - Media Type
Term Bez urządzenia pośredniczącego
Code n
Source rdamedia
338 ## - Carrier Type
Term Wolumin
Code nc
Source rdacarrier
380 ## - Form of work
Form of work Książki
388 1# - TIME PERIOD OF CREATION
Time period of creation term 1801-1900
504 ## - Uwaga o bibliografii
uwaga o bibliografii Indeks.
505 2# - Uwaga dotycząca zawartości (sformaliz.)
uwaga o zawartości Chant national polonais = Mazurek Dombrowski / [Józef Wybicki] ; trad. du polonais par G. Fulgence ; arr. avec acc. de piano par Albert Sowinski.
600 17 - Hasło przedmiotowe-nazwa osobowa
nazwa osobowa Dąbrowski, Jan Henryk
daty biograficzne (1755-1818)
źródło hasła DBN
9 (RLIN) 40315
610 27 - Hasło przedmiotowe-nazwa ciała zbior.
nazwa ciała zbior. lub geogr. Legiony Polskie (1797-1801)
źródło hasła DBN
9 (RLIN) 40316
610 27 - Hasło przedmiotowe-nazwa ciała zbior.
nazwa ciała zbior. lub geogr. Legiony Polskie we Włoszech
określnik rzeczowy historia.
źródło hasła kaba
9 (RLIN) 40317
610 27 - Hasło przedmiotowe-nazwa ciała zbior.
nazwa ciała zbior. lub geogr. Legiony Polskie we Włoszech
określnik formy źródła.
źródło hasła kaba
9 (RLIN) 40318
648 #7 - SUBJECT ADDED ENTRY--CHRONOLOGICAL TERM
Chronological term 1701-1800
Source of heading or term DBN
9 (RLIN) 36035
648 #7 - SUBJECT ADDED ENTRY--CHRONOLOGICAL TERM
Chronological term 1801-1900
Source of heading or term DBN
9 (RLIN) 36037
650 #7 - Hasło przedmiotowe-nazwa pospolita
nazwa pospolita lub geogr. Wojsko
źródło hasła DBN
9 (RLIN) 35355
651 #7 - Hasło przedmiotowe-nazwa geogr.
nazwa geograficzna Polska
źródło hasła DBN
9 (RLIN) 35076
651 #7 - Hasło przedmiotowe-nazwa geogr.
nazwa geograficzna Włochy
źródło hasła DBN
9 (RLIN) 37698
655 #7 - Termin określający rodzaj/formę
rodzaj/forma Opracowanie
źródło terminu DBN
9 (RLIN) 35024
655 #7 - Termin określający rodzaj/formę
rodzaj/forma Wydawnictwo źródłowe
źródło terminu DBN
9 (RLIN) 35066
658 ## - Nazwa określająca cel programu nauczania
główny cel programu nauczania Bezpieczeństwo i wojskowość
658 ## - Nazwa określająca cel programu nauczania
główny cel programu nauczania Historia
700 1# - Hasło dodatkowe - nazwa osobowa
nazwa osobowa Sowiński, Wojciech
daty biograficzne (1805-1880).
9 (RLIN) 40319
700 1# - Hasło dodatkowe - nazwa osobowa
nazwa osobowa Olivier, Gustave Fulgence
daty biograficzne (1806-1886).
9 (RLIN) 40320
700 12 - Hasło dodatkowe - nazwa osobowa
nazwa osobowa Wybicki, Józef
daty biograficzne (1747-1822).
tytuł pracy Mazurek Dąbrowskiego
język pracy (pol., fr.)
9 (RLIN) 40314
942 ## - ADDED ENTRY ELEMENTS (KOHA)
Source of classification or shelving scheme Dewey Decimal Classification
Koha item type pozycje dostępne na miejscu
Egzemplarze
Status wycofania Status zagubienia Klasyfikacja Status uszkodzenia Blokada wypożyczeń Kolekcja Lokalizacja macierzysta Lokalizacja bieżąca Data nabycia Numer akcesji Źródło akcesji Nr inwentarzowy il. wypożyczeń Sygnatura Kod kreskowy Date last seen Price effective from Typ egz.
    Dewey Decimal Classification nieuszkodzona   Pracownia Badań Księgozbiorów Historycznych Biblioteka Instytutu Północnego w Olsztynie Pracownia Badań Księgozbiorów Historycznych 20/04/2026 K-42/1986 kupno 16250/1   16250/1 IPWK22188 20/04/2026 20/04/2026 pozycje dostępne na miejscu
Biblioteka Instytutu Północnego, ul. Partyzantów 87, 10-402 Olsztyn, email: biblioteka(at)ip.olsztyn.pl